Kỹ thuât lập trình TURBO PASCAL 5-7

Đã lưu trong:
書目詳細資料
主要作者: GS.Phạm Văn Ất
格式: 圖書
語言:Vietnamese
出版: Sunshine 2002
標簽: 添加標簽
沒有標簽, 成為第一個標記此記錄!
Thư viện lưu trữ: Mạng thư viện Đại học Đà Nẵng
LEADER 00631nam a2200277 4500
001 000025832
003 1384
005 20150325120000.0
008 150325s vm 000 vie
020 |c 23000,0000 
040 |a D2 
100 |a GS.Phạm Văn Ất 
245 |a Kỹ thuât lập trình TURBO PASCAL 5-7 
260 |b Sunshine  |c 2002 
300 |a 338tr. ; 
OWN |a LTT 
999 |a From the UDN01 
TYP |a Monograph 
TYP |a Printed language 
980 |a Mạng thư viện Đại học Đà Nẵng